| 000 | 00383nam a2200169Ia 4500 | ||
|---|---|---|---|
| 100 | _aRajkamal | ||
| 650 | _aDigital systems | ||
| 942 | _cBK | ||
| 366 | _f20 | ||
| 654 | _adigital systems | ||
| 245 | _aDigital Systems:Principles and designs | ||
| 260 |
_bPearson Education _aMumbai _c2006 |
||
| 082 |
_a621.381 5/RAJ _bRAJ |
||
| 300 | _a524 | ||
| 546 | _aENGLISH | ||
| 999 |
_c30920 _d30920 |
||